Rosamel del Valle, poeta órfico / (Record no. 187121)

MARC details
000 -LEADER
campo de control de longitud fija 00852nam a2200229 i 4500
001 - NÚMERO DE CONTROL
campo de control 187121
003 - IDENTIFICADOR DE NÚMERO DE CONTROL
campo de control ES-MaACL
005 - FECHA Y HORA DE LA ÚLTIMA TRANSACCIÓN
campo de control 20250728141832.0
008 - DATOS DE LONGITUD FIJA--INFORMACIÓN GENERAL
campo de control de longitud fija 170419s1996 cl |||| |dspa d
020 ## - NÚMERO INTERNACIONAL ESTÁNDAR DEL LIBRO
Número Internacional Estándar del Libro 956-7159-94-7
080 ## - NÚMERO DE LA CLASIFICACIÓN DECIMAL UNIVERSAL
Número de la Clasificación Decimal Universal 821.134.2(83) Valle, Rosamel del 1.07
100 1# - ENTRADA PRINCIPAL--NOMBRE DE PERSONA
Nombre de persona Urrutia, María Eugenia.
9 (RLIN) 162412
245 10 - MENCIÓN DEL TÍTULO
Título Rosamel del Valle, poeta órfico /
Mención de responsabilidad, etc. María Eugenia Urrutia.
250 ## - MENCION DE EDICION
Mención de edición 1ª ed.
260 ## - PUBLICACIÓN, DISTRIBUCIÓN, ETC.
Lugar de publicación, distribución, etc. Santiago de Chile :
Nombre del editor, distribuidor, etc. Red Internacional del Libro,
Fecha de publicación, distribución, etc. 1996.
300 ## - DESCRIPCIÓN FÍSICA
Extensión 119 ;
Dimensiones 21 cm.
504 ## - NOTA DE BIBLIOGRAFÍA, ETC.
Nota de bibliografía, etc. Bibliografía: p. 109-113.
505 8# - NOTA DE CONTENIDO CON FORMATO
Nota de contenido con formato Contiene: ;
Título Copia de la carta manuscrita de Vicente Huidobro [a Rosamel del Valle] ;
-- Ella se desprende del sueño ilegal /
Mención de responsabilidad por Rosamel del Valle
600 17 - PUNTO DE ACCESO ADICIONAL DE MATERIA--NOMBRE DE PERSONA
Nombre de persona Valle, Rosamel del,
Fechas asociadas al nombre 1901-1963
Fuente del encabezamiento o término
9 (RLIN) 162413
852 ## - LOCALIZACIÓN
Ubicación ES-MaACL
Número de control de estantería L-31443
Holdings
Estatus retirado Estado de pérdida Estado de daño No para préstamo Biblioteca de origen Biblioteca actual Ubicación en estantería Fecha de adquisición Fuente de adquisición Total de préstamos Signatura topográfica completa Código de barras Visto por última vez Precio de reemplazo Tipo de ítem Koha
        Biblioteca del Ateneo de Madrid Biblioteca del Ateneo de Madrid Depósito 2 19/04/2017     L-31443 1197416 23/02/2023 23/02/2023 Libro impreso